000 00602nam a22001937a 4500
003 0
005 20260116152512.0
008 260116b xxu||||| |||| 00| 0 eng d
020 _a0-439-22317-2
050 _aER
_bIn35 2000
082 _aER
_bIn35 2000
100 _aCapucilli, Alyssa Satin
245 _aInside a zoo in the city :
_ba rebus read-along story
_cAlyssa Satin Capucilli
260 _aNew York, NY :
_bScholastic Inc.,
_c2000.
300 _a26 unnumbered pages :
_bcolored illustrations ;
_c26 cm.
650 _aZoo animals
_vJuvenile fiction.
650 _aEasy books.
942 _2ddc
_cBK
999 _c368731
_d368731